Prírodopis pre 8. ročník špeciálnych základných škôl : pracovný zošit

Bibliographic Details
Main Author: Melišková, Lýdia (Author)
Other Authors: Žitňanová, Tatiana, 1956- (Illustrator)
Format: Book
Language:Slovak
PhysicalDescription:69 s. ilustr., tab. 30 cm
Published: Bratislava Slovenské pedagogické nakladateľstvo - Mladé letá 2015
ISBN:9788010028450
Edition:7. vyd.
Subjects:

MARC

LEADER 00000cam a2200000 a 4500
001 vtls010692481
003 SK-MaSNL
005 20260301092231.0
008 240318s2015 xo a cr 000 0 slo
015 |a SNBA2015/08 
020 |a 9788010028450  |q (brož.) 
035 |a 34E1C489-E083-4839-BD7F-1FAC48A906B8 
035 |a urn:nbn:sk:snk-amjzwx 
035 |a urn:nbn:sk:snk-am007zvk 
040 |a SNK  |b slo  |c SNK  |e AACR2 
041 0 |a slo 
044 |a xo  |c SK 
072 7 |a 57  |x Všeobecná biológia  |2 konspekt 
080 |a 57.081.1  |2 2001 
080 |a (075.2)  |2 2001 
080 |a (076.1)  |2 2001 
100 1 |a Melišková, Lýdia  |4 aut  |9 178157 
245 1 0 |a Prírodopis  |b pre 8. ročník špeciálnych základných škôl : pracovný zošit  |c Lýdia Melišková ; [ilustrovala: Táňa Žitňanová] 
250 |a 7. vyd. 
260 |a Bratislava  |b Slovenské pedagogické nakladateľstvo - Mladé letá  |c 2015 
300 |a 69 s.  |b ilustr., tab.  |c 30 cm 
650 0 7 |a prírodopis  |2 SNKPH  |9 3586 
650 0 7 |a Natural history  |2 SNKPHeng  |9 278510 
655 7 |a učebnice špeciálnych základných škôl  |2 SNKPH  |9 70204 
655 7 |a pracovné zošity  |2 SNKPH  |9 70188 
655 7 |a Textbooks (elementary)  |2 SNKPHeng  |9 276977 
655 7 |a Activity books  |2 SNKPHeng  |9 302885 
700 1 |a Žitňanová, Tatiana,  |d 1956-  |4 ill  |9 86022 
852 |a Štátna vedecká knižnica v Banskej Bystrici 
919 |a 978-80-10-02845-0 
958 |a OND 
999 |c 673349  |d 675279 
952 |a SNK  |b SNK  |y PREZ  |7 0  |p 17A1168839  |o snkSB 88645  |i snk2015/22745  |8 0  |0 0  |1 0  |4 0  |d 2015-07-23  |f 1  |l 0  |r 2025-05-13 00:00:00  |w 2026-02-23 
952 |a SNK  |b SNK  |y VYP  |7 0  |p 17A1168887  |o snkSB 88645 D1  |i snk2015/22746  |8 0  |0 0  |1 0  |4 0  |d 2015-07-23  |l 0  |r 2026-02-23 19:33:20  |w 2026-02-23